| 000 | 00506nam a2200193Ia 4500 | ||
|---|---|---|---|
| 003 | STCL | ||
| 008 | 230726s9999 xx 000 0 und d | ||
| 020 | _a9780815391937 | ||
| 040 |
_aSTCL _cSTCL _bEN |
||
| 082 | _222 | ||
| 100 | _aHubbell, J Andrew | ||
| 245 | 0 | _aIntroduction to the environmental humanities | |
| 260 |
_bRoutledge Taylor and Francis Group _aLondon _c2022 |
||
| 300 | _a289 p | ||
| 365 |
_e32.99 GBP _b3450.75 |
||
| 546 | _aEnglish | ||
| 700 | _aRyan, John C | ||
| 942 |
_2DDC _e22 _cBKDDC |
||
| 999 |
_c89596 _d89596 |
||